000 00721nam a2200229 a 4500
008
020 _a0902173758 (hbk.)
049 _aMAIN
090 _aHD3488.A4
_bBOL
100 1 _aBolger, Patrick.
245 1 4 _aThe Irish co-operative movement :
_bits history and development /
_cPatrick Bolger.
260 _aDublin :
_bInstitute of Public Administration,
_cc1977.
300 _a434 p. :
_bill. ;
_c25 cm.
500 _aIncludes index.
504 _aIncludes bibliographical references.
650 0 _aCooperation
_zIreland
_xHistory.
907 _a.b10156896
_b03-05-12
_c03-03-05
003
005 20230123133955.0
040 _cNUST
942 _cBOOKS
_kHD3488.A4
_mBOL
999 _c157840
_d157840